Chutes and Ladders Quiz Stats

 Plays Quiz Updated Apr 25, 2018

Also try: Word Laddyrinth
Challenge
Share
Tweet
Embed
Score 0/205 Timer 07:00
11 Plays Today
% Correct
█████████████████
97.9%
▲chair or sofa▲
97.4%
◊ SLAT ◊
97.4%
►worse than first►
97.4%
█████████████████
90.1%
▲place for mascara▲
89.5%
LAST
89.5%
►2010 Jolie film►
89.5%
█████████████████
88.5%
█████████████████
88.3%
█████████████████
88%
█████████████████
87.4%
█████████████████
87.1%
█████████████████
86.8%
█████████████████
86.7%
█████████████████
86.4%
█████████████████
85.4%
█████████████████
84.2%
█████████████████
84%
▲ice cream drink▲
83.4%
SALT
83.4%
▲stitching line▲
82.8%
SEAT
82.8%
▲bills and coins▲
82.6%
LASH
82.6%
█████████████████
82.2%
█████████████████
81.8%
CASH
81.2%
▲Actor Christian▲
80.3%
MALE
80.3%
▲masculine gender▲
80.2%
MALT
80.2%
█████████████████
79.5%
▲military site▲
79.4%
BALE
79.4%
▲Mets, Nets, or Jets▲
78.1%
SEAM
78.1%
█████████████████
77.9%
▲period in office▲
77.5%
TEAM
77.5%
►Aussie buddy►
77.5%
█████████████████
76.6%
█████████████████
76.6%
█████████████████
76.5%
▲job for Holmes▲
74.3%
BASE
74.3%
MATE
74.1%
▲destiny▲
74.1%
FATE
73.3%
TERM
72.9%
█████████████████
72%
█████████████████
71.9%
▲wine barrel▲
71.6%
CASE
71.6%
█████████████████
65.3%
█████████████████
65.2%
█████████████████
65.2%
█████████████████
65.1%
█████████████████
64.9%
◄Santa's bag◄
64.9%
▲chore▲
64.9%
CASK
64.9%
█████████████████
64.8%
█████████████████
64.5%
█████████████████
64.4%
█████████████████
64.3%
█████████████████
64.2%
█████████████████
64.1%
▲aquarium▲
63.9%
% Correct
TASK
63.9%
█████████████████
63.6%
▲under the weather▲
63.5%
SACK
63.5%
▼pouches▼
63.5%
█████████████████
62.7%
█████████████████
62.5%
▲adhere a stamp▲
62.2%
SICK
62.2%
█████████████████
62%
█████████████████
61.9%
█████████████████
61.7%
▲citrus space drink▲
61.7%
TANK
61.7%
LICK
60.5%
█████████████████
60.3%
█████████████████
59.8%
█████████████████
59.8%
◄pesky insect◄
57.7%
▲Dracula's tooth▲
57.7%
TANG
57.7%
FANG
57.3%
GNAT
54.8%
█████████████████
53.5%
█████████████████
53.2%
◄Singing Mama◄
53.2%
SACS
53.2%
▲throw a football▲
53.2%
CASS
53.2%
█████████████████
52.9%
█████████████████
52.9%
▲Fido's feet▲
52.7%
PASS
52.7%
█████████████████
52.5%
█████████████████
52%
▲chess piece▲
51.7%
PAWS
51.7%
▲place to play bocce▲
51.6%
PAWN
51.6%
█████████████████
51.5%
▲substitute▲
51.1%
SLAP
51.1%
►amigos►
51.1%
▲legalities▲
51.1%
LAWN
51.1%
▲lad's partner▲
51%
LAWS
51%
►cabbage dish►
51%
PALE
51%
▲swing an open hand▲
50.6%
SLAW
50.6%
▲hardly tanned▲
50.1%
PALS
50.1%
█████████████████
48.7%
LASS
47.3%
█████████████████
42.5%
█████████████████
42.4%
▲pirate's booty▲
42.2%
SWAP
42.2%
█████████████████
38.7%
█████████████████
38.6%
█████████████████
38.4%
█████████████████
38.4%
█████████████████
38.3%
█████████████████
38.2%
◄shakes a tail at◄
38.1%
█████████████████
38.1%
▲thick carpet▲
38.1%
SWAG
38.1%
% Correct
█████████████████
38%
█████████████████
37.8%
█████████████████
37.7%
█████████████████
37.7%
█████████████████
37.5%
▲hourly pay▲
37.5%
WAGS
37.5%
▼hairpieces▼
37.5%
▲intense anger▲
37.3%
WAGE
37.3%
▲leaf collector▲
37.2%
RAGE
37.2%
►camping stuff►
37.2%
█████████████████
37.2%
█████████████████
36.9%
SHAG
36.6%
►deep cut►
36.6%
▲Shakespearean king▲
36.5%
GEAR
36.5%
▲page▲
35.9%
LEAR
35.9%
▲rapidly flow out▲
35.6%
GASH
35.6%
▼clean up▼
35.6%
█████████████████
35%
WIGS
34.9%
█████████████████
34.7%
▲word on a door▲
34.5%
GUSH
34.5%
█████████████████
34%
RAKE
33.8%
█████████████████
33.7%
█████████████████
33.6%
█████████████████
33.6%
▲bread unit▲
33.3%
LEAF
33.3%
◄pet peeve?◄
33.3%
█████████████████
33.3%
█████████████████
33.2%
PUSH
33%
█████████████████
32.8%
LOAF
32.8%
►stable newborn►
32.8%
▲hoodwink▲
32.1%
FOAL
32.1%
▼locomotive fuel▼
32.1%
█████████████████
31.7%
█████████████████
31.7%
WASH
31.4%
█████████████████
31.2%
FOOL
31.2%
COAL
30.9%
▲run away▲
27.7%
FLEA
27.7%
FREE
27.6%
►coral formation►
27.6%
▲costing nothing▲
27.4%
FLEE
27.4%
WARNING: SOLVING
27.2%
█████████████████
27.2%
█████████████████
27.2%
THIS FINAL CLUE WILL
27.2%
█████████████████
27.2%
ENDS THE GAME!
27.2%
SHOW ALL ANSWERS
27.2%
AND AUTOMATICALLY
27.2%
◊ REEF ◊
26%

You're not logged in!

Compare scores with friends on all Sporcle quizzes.
OR
Log In

You Might Also Like...

Show Comments

Extras

Top Quizzes Today


Score Distribution

Your Account Isn't Verified!

In order to create a playlist on Sporcle, you need to verify the email address you used during registration. Go to your Sporcle Settings to finish the process.

Report this User

Report this user for behavior that violates our Community Guidelines.

Details: